Aids to Microbiology and Infectious Diseases (Record no. 975)

MARC details
000 -LEADER
fixed length control field 00757pam a2200265 a 4500
001 - CONTROL NUMBER
control field 2387203
003 - CONTROL NUMBER IDENTIFIER
control field OSt
005 - DATE AND TIME OF LATEST TRANSACTION
control field 20240126125216.0
008 - FIXED-LENGTH DATA ELEMENTS--GENERAL INFORMATION
fixed length control field 850820s1985 ne 001 0 eng c
010 ## - LIBRARY OF CONGRESS CONTROL NUMBER
LC control number 85019551
020 ## - INTERNATIONAL STANDARD BOOK NUMBER
International Standard Book Number 0443031274 (pbk.)
040 ## - CATALOGING SOURCE
Original cataloging agency DNLM/DLC
Transcribing agency DLC
Modifying agency DLC
050 00 - LIBRARY OF CONGRESS CALL NUMBER
Classification number RC111
Item number .B43 1985
060 ## - NATIONAL LIBRARY OF MEDICINE CALL NUMBER
Classification number WC 100 B469a
082 00 - DEWEY DECIMAL CLASSIFICATION NUMBER
Classification number WC 18 B43a 1985
Edition number 19
100 1# - MAIN ENTRY--PERSONAL NAME
Personal name Benn, R. A. V.
9 (RLIN) 2628
245 10 - TITLE STATEMENT
Title Aids to Microbiology and Infectious Diseases
260 ## - PUBLICATION, DISTRIBUTION, ETC. (IMPRINT)
Place of publication, distribution, etc. Edinburgh ;
Name of publisher, distributor, etc. Churchill Livingstone,
Date of publication, distribution, etc. 1985.
300 ## - PHYSICAL DESCRIPTION
Extent 283 p. ;
Dimensions 22 cm.
500 ## - GENERAL NOTE
General note Includes index.
650 #0 - SUBJECT ADDED ENTRY--TOPICAL TERM
Topical term or geographic name as entry element Communicable diseases
9 (RLIN) 2629
650 #0 - SUBJECT ADDED ENTRY--TOPICAL TERM
Topical term or geographic name as entry element Medical microbiology
9 (RLIN) 2630
906 ## - LOCAL DATA ELEMENT F, LDF (RLIN)
a 7
b cbc
c orignew
d 1
e ocip
f 19
g y-gencatlg
942 ## - ADDED ENTRY ELEMENTS (KOHA)
Source of classification or shelving scheme Other/Generic Classification Scheme
Koha item type Short Loan
Holdings
Withdrawn status Lost status Source of classification or shelving scheme Damaged status Not for loan Home library Current library Date acquired Source of acquisition Inventory number Total Checkouts Full call number Barcode Date last seen Koha item type
    Other/Generic Classification Scheme     MUST Main Library MUST Main Library 21/01/2015 Purchase 98/11727   WC 18 B43a 1985 2015-0219 21/01/2015 Short Loan